<?xml version="1.0" encoding="UTF-8"?><?xml-stylesheet type="text/xsl" href="static/style.xsl"?><OAI-PMH xmlns="http://www.openarchives.org/OAI/2.0/" xmlns:xsi="http://www.w3.org/2001/XMLSchema-instance" xsi:schemaLocation="http://www.openarchives.org/OAI/2.0/ http://www.openarchives.org/OAI/2.0/OAI-PMH.xsd"><responseDate>2026-04-27T21:46:51Z</responseDate><request verb="GetRecord" identifier="oai:uvadoc.uva.es:10324/61676" metadataPrefix="marc">https://uvadoc.uva.es/oai/request</request><GetRecord><record><header><identifier>oai:uvadoc.uva.es:10324/61676</identifier><datestamp>2023-09-20T19:06:19Z</datestamp><setSpec>com_10324_38</setSpec><setSpec>col_10324_852</setSpec></header><metadata><record xmlns="http://www.loc.gov/MARC21/slim" xmlns:doc="http://www.lyncode.com/xoai" xmlns:xsi="http://www.w3.org/2001/XMLSchema-instance" xmlns:dcterms="http://purl.org/dc/terms/" xsi:schemaLocation="http://www.loc.gov/MARC21/slim http://www.loc.gov/standards/marcxml/schema/MARC21slim.xsd">
<leader>00925njm 22002777a 4500</leader>
<datafield tag="042" ind1=" " ind2=" ">
<subfield code="a">dc</subfield>
</datafield>
<datafield tag="720" ind1=" " ind2=" ">
<subfield code="a">Manuel Muñumer, Ana</subfield>
<subfield code="e">author</subfield>
</datafield>
<datafield tag="260" ind1=" " ind2=" ">
<subfield code="c">2023</subfield>
</datafield>
<datafield tag="520" ind1=" " ind2=" ">
<subfield code="a">Vivimos en una sociedad cada vez más adaptada a la interacción a través de redes sociales y a la utilización de las herramientas que estas poseen para comunicarse en un entorno global, marcado por la rapidez y la inmediatez. En este contexto digital, la autenticidad y la transparencia, habituales en las relaciones entre seres humanos, se han sustituido por un contenido superficial y distorsionado. Dentro de estos mensajes, la parte visual se ha convertido en imprescindible y en un poderoso instrumento de comunicación que puede ser mercantilizado y utilizado por empresas para realizar publicidad y obtener un alcance que ya no consiguen por medios tradicionales. En este proyecto se va a estudiar de qué forma la autenticidad tiene cabida en estos procesos comunicativos y su relación con la mercantilización de la imagen y la intimidad de las personas.</subfield>
</datafield>
<datafield tag="024" ind2=" " ind1="8">
<subfield code="a">https://uvadoc.uva.es/handle/10324/61676</subfield>
</datafield>
<datafield tag="245" ind1="0" ind2="0">
<subfield code="a">El valor de la autenticidad en la comunicación digital. Análisis etnográfico en Instagram</subfield>
</datafield>
</record></metadata></record></GetRecord></OAI-PMH>